Erwin Wurm : I love my time, I don't like my time /

Bibliographic Details
Main Author: Wurm, Erwin, 1954-
Corporate Author: Center for the Arts at Yerba Buena Gardens
Other Authors: De Guzman, René, 1964-, Rugoff, Ralph, 1957-, Barlow, Geraldine
Format: Book
Language:English
Published: Ostfildern-Ruit : Hatje Cantz, [2004]
Subjects:

MARC

Tag First Indicator Second Indicator Subfields
LEADER 00000cam a2200000Ia 4500
001 in00002045331
005 20151101055604.0
008 041203s2004 gw a bc 000 0 eng d
016 7 |a 97187977X  |2 GyFmDB 
020 |a 3775715479 (hdb.) 
035 |a (OCoLC)ocm57170649 
040 |a OHX  |c OHX  |d SMI  |d OCLCQ  |d UtOrBLW 
049 |a TXAM 
072 7 |a N  |2 lcco 
090 |a N6811.5.W87  |b A4 2004 
100 1 |a Wurm, Erwin,  |d 1954- 
245 1 0 |a Erwin Wurm :  |b I love my time, I don't like my time /  |c edited by Berin Golonu ; with essays by Geraldine Barlow, René de Guzman, and Ralph Rugoff ; exhibition curated by Rene de Guzman. 
264 1 |a Ostfildern-Ruit :  |b Hatje Cantz,  |c [2004] 
264 4 |c ©2004 
300 |a 379 pages :  |b illustrations (chiefly color) ;  |c 25 cm. 
336 |a text  |b txt  |2 rdacontent 
337 |a unmediated  |b n  |2 rdamedia 
338 |a volume  |b nc  |2 rdacarrier 
500 |a Catalog of an exhibition held at Yerba Buena Center for the Arts, San Francisco, Autumn 2004-Winter 2005, Contemporary Arts Center, Cincinatti, Spring-Summer 2005, Des Moines Art Center, Des Moines, Winter 2006, and other venues across the United States. 
504 |a Includes bibliographical references (pages 371-374). 
600 1 0 |a Wurm, Erwin,  |d 1954-  |v Exhibitions. 
700 1 |a De Guzman, René,  |d 1964- 
700 1 |a Rugoff, Ralph,  |d 1957- 
700 1 |a Barlow, Geraldine. 
710 2 |a Center for the Arts at Yerba Buena Gardens. 
938 |a Otto Harrassowitz  |b HARR  |n har040098972  |c 39.80 EUR 
945 |i PromptCat 
947 |a A14831539869 
994 |a 92  |b TXA 
999 |a MARS 
999 f f |s e58fa365-3bb4-37b3-ab5c-9efe6fb463e2  |i 57b288c1-f5f4-390d-93cf-0b13824b72ff  |t 0 
952 f f |p normal  |a Texas A&M University  |b College Station  |c Sterling C. Evans Library  |d Evans: Library Stacks  |t 0  |e N6811.5.W87 A4 2004  |h Library of Congress classification  |i unmediated -- volume  |m A14831539869 
998 f f |a N6811.5.W87 A4 2004  |t 0  |l Evans: Library Stacks